000 00342cam a2200133ua 4500
020 _a8170991412
082 _a028.73631
_bSOM/DI
100 _aSomani, L. L .
_91568
245 _aDictionary of Soils and Fertilizers, VOL - IV, Part 5 /
250 _a1 /
260 _a :
_bMittal Publications ,
_c1989.
300 _a358 ; .
942 _cREF
999 _c9951
_d9951